Rozwinięcia skrótów - Statystyki

Ogólne statystyki
  • Ten quiz został rozwiązany 55 razy
  • Średni wynik to 4 z 10
Statystyki odpowiedzi
Zagadnienie Odpowiedź % Poprawnych
ChRL Chińska Republika Ludowa
88%
GUS Główny Urząd Statystyczny
63%
CFA Coopération Financière en Afrique
50%
Polfa Polska Farmacja
50%
Rozwiń skróty lub skrótowce: ZUS Zakład Ubezpieczeń Społecznych
50%
baon batalion
25%
SZA Socjalistyczny Związek Arabski
25%
ZHR Związek Harcerstwa Rzeczypospolitej
25%
mgr mgr magistrowie
13%
b.r. brak roku
0%
Nie znaleziono quizów pasujących do podanych kryteriów
Rozkład punktacji
Procent ludzi z każdym wynikiem
Percentyl według liczby udzielonych odpowiedzi
Twoja historia wyników
Nie rozwiązałeś tego quizu